000 00819nam a2200205 a 4500
001 000041354
005 20201002034821.0
008 131001s1993 sp 000 0 spa d
020 _a8476584008
040 _aDO-SdBNP
_bspa
_cBNPHU
245 0 0 _aEstudiar la religión :
_bmateriales para una filosofía de la religión III /
_ceditores José Gómez ... [et al.].
260 _aMadrid :
_bConsejo Superior de Investigaciones Científicas, :,
_c1993.
300 _a330 p. ;
_c20 cm.
490 1 _aPensamiento crítico / Pensamiento utópico ;
_v75
504 _aBibliografía
700 1 _aGómez Caffarena, José
_eed.
_967998
700 1 _aMardones, José María
_eed.
_967999
710 2 _aConsejo Superior de Investigaciones Científicas, :
_94786
830 0 _aPensamiento crítico / Pensamiento utópico ;
_n75
_968000
999 _c40844
_d40844